000 00377 a2200169 4500
001 70313
020 _a8508086865
040 _cAnchieta - Itaigara
100 _aSantos , Maristel Alves
240 1 0 _aNa ilha do dragão
_lpor
245 1 0 _aNa ilha do dragão
300 _a199
362 0 _a2003
440 1 _aÁtica
650 4 _aLiteratura infanto-juvenil
942 _cBK
999 _c70313
_d70313